[Event "Kazakhstan Cup Women 2020"]
[Site "Almaty"]
[Date "2020.12.13"]
[Round "3.5"]
[White "Nurmanova, Alua"]
[Black "Dauletova, Gulmira"]
[Result "0-1"]
[WhiteElo "2026"]
[BlackElo "2319"]
[Annotator "ChessBase"]
[PlyCount "110"]
[EventDate "2020.12.01"]
[EventType "tourn"]
[EventCountry "KAZ"]
[SourceTitle "playchess.com"]
[Source "ChessBase"]
[SourceQuality "1"]
[TimeControl "40/5400+30:1800+30"]

1. e4 {[%emt 0:00:00]} e5 {[%emt 0:00:34]} 2. Nf3 {[%emt 0:00:00]} Nc6 {[%emt 0:01:31]} 3. Bb5 {[%emt 0:00:37]} a6 {[%emt 0:01:06]} 4. Ba4 {[%emt 0:00:43]} g6 {[%emt 0:02:06]} 5. O-O {[%emt 0:08:02]} Bg7 {[%emt 0:05:13]} 6. c3 {[%emt 0:01:58]} b5 {[%emt 0:11:57]} 7. Bb3 {[%emt 0:00:44]} Na5 {[%emt 0:01:09]} 8. Bc2 {[%emt 0:00:35]} d6 {[%emt 0:02:17]} 9. a4 {[%emt 0:09:08]} Bd7 {[%emt 0:05:47]} 10. d4 {[%emt 0:18:26]} exd4 {[%emt 0:05:04]} 11. cxd4 {[%emt 0:08:51]} Ne7 {[%emt 0:01:22]} 12. Bg5 {[%emt 0:07:31]} f6 {[%emt 0:03:20]} 13. Bd2 {[%emt 0:04:46]} Nc4 {[%emt 0:08:02]} 14. Bc3 {[%emt 0:01:41]} d5 {[%emt 0:15:10]} 15. b3 {[%emt 0:01:56]} Nb6 {[%emt 0:12:26]} 16. a5 {[%emt 0:05:21]} Nbc8 {[%emt 0:00:53]} 17. Bb4 {[%emt 0:06:24]} O-O {[%emt 0:03:40]} 18. Nc3 {[%emt 0:02:16]} Bc6 {[%emt 0:10:17]} 19. e5 {[%emt 0:12:47]} Re8 {[%emt 0:02:47]} 20. Re1 {[%emt 0:00:28]} Bb7 {[%emt 0:00:08]} 21. exf6 {[%emt 0:01:42]} Bxf6 {[%emt 0:00:03]} 22. Bc5 {[%emt 0:00:37]} Nd6 {[%emt 0:00:22]} 23. Ne5 {[%emt 0:01:00]} Nef5 {[%emt 0:00:31]} 24. Qg4 {[%emt 0:00:48]} Nh6 {[%emt 0:01:19]} 25. Qd1 {[%emt 0:03:24]} Ndf7 {[%emt 0:01:44]} 26. f4 {[%emt 0:00:49]} Be7 {[%emt 0:01:54]} 27. b4 {[%emt 0:00:57]} Bxc5 {[%emt 0:00:05]} 28. bxc5 {[%emt 0:00:18]} Nxe5 {[%emt 0:00:15]} 29. fxe5 {[%emt 0:00:30]} Qh4 {[%emt 0:00:31]} 30. Qd2 {[%emt 0:01:11]} Rf8 {[%emt 0:00:49]} 31. Rf1 {[%emt 0:00:23]} Rae8 {[%emt 0:01:08]} 32. g3 {[%emt 0:00:45]} Qh3 {[%emt 0:00:11]} 33. Ne2 {[%emt 0:00:26]} Nf5 {[%emt 0:01:36]} 34. Bxf5 {[%emt 0:00:30]} Rxf5 {[%emt 0:00:01]} 35. Rxf5 {[%emt 0:00:27]} Qxf5 {[%emt 0:00:02]} 36. Rf1 {[%emt 0:00:13]} Qc8 {[%emt 0:01:58]} 37. Rf6 {[%emt 0:01:07]} Rf8 {[%emt 0:00:34]} 38. Qf4 {[%emt 0:00:46]} Qe8 {[%emt 0:00:26]} 39. Nc1 {[%emt 0:00:28]} b4 {[%emt 0:00:33]} 40. Rxf8+ {[%emt 0:00:25]} Qxf8 {[%emt 0:00:01]} 41. Qe3 {[%emt 0:30:55]} Bc6 {[%emt 0:19:25]} 42. Qb3 {[%emt 0:00:00]} Bb5 {[%emt 0:00:33]} 43. Qxd5+ {[%emt 0:00:00]} Qf7 {[%emt 0:03:58]} 44. Qd8+ {[%emt 0:00:00]} Kg7 {[%emt 0:00:26]} 45. h4 {[%emt 0:00:53]} Qf1+ {[%emt 0:04:05]} 46. Kh2 {[%emt 0:00:03]} Qf2+ {[%emt 0:00:08]} 47. Kh1 {[%emt 0:00:12]} Qe1+ {[%emt 0:00:46]} 48. Kh2 {[%emt 0:00:23]} Qd2+ {[%emt 0:00:27]} 49. Kg1 {[%emt 0:00:25]} Qxc1+ {[%emt 0:00:15]} 50. Kh2 {[%emt 0:00:22]} Qd2+ {[%emt 0:00:23]} 51. Kg1 {[%emt 0:00:08]} Qe1+ {[%emt 0:00:30]} 52. Kh2 {[%emt 0:00:08]} Qf2+ {[%emt 0:00:35]} 53. Kh1 {[%emt 0:00:06]} Bc6+ {[%emt 0:01:14]} 54. d5 {[%emt 0:00:05]} Qf3+ {[%emt 0:00:38]} 55. Kh2 {[%emt 0:00:05]} Bxd5 {[%emt 0:00:30]} 0-1

[Event "Kazakhstan Cup Women 2020"]
[Site "Almaty"]
[Date "2020.12.14"]
[Round "4.1"]
[White "Abdumalik, Zhansaya"]
[Black "Kairbekova, Amina"]
[Result "1-0"]
[WhiteElo "2478"]
[BlackElo "2065"]
[Annotator "TA"]
[PlyCount "107"]
[EventDate "2020.12.01"]
[EventType "tourn"]
[EventCountry "KAZ"]
[SourceTitle "playchess.com"]
[Source "ChessBase"]
[SourceQuality "1"]

{[%evp 12,107,19,11,3,2,11,14,18,25,16,13,19,11,21,0,28,26,25,33,33,34,29,26,38,23,47,33,33,43,35,20,21,0,0,-13,-15,-20,-19,-27,-14,-13,0,0,-7,-16,10,13,55,52,60,62,40,0,29,0,0,0,0,0,265,266,271,242,267,256,409,409,399,396,396,396,395,389,543,543,535,535,528,528,528,521,521,521,521,521,507,459,4133,4133,3689,2731,1883,1558,1363,1283,1081,1022]} 1. e4 {Edouard, Romain} e6 2. d4 d5 3. Nc3 Bb4 4. e5 c5 5. a3 Ba5 6. b4 cxd4 7. Qg4 Kf8 {is cutting edge theory. C18: French: 3 Nc3 Bb4: Main line: 7 h4 and 7 Qg4.} 8. Nb5 Bb6 9. Nf3 Nc6 {The position is equal.} 10. Bb2 Nge7 11. Nbxd4 h5 12. Qf4 Ng6 13. Nxc6 Nxf4 (13... bxc6 {is interesting.} 14. Qd2 Nh4 15. Nxh4 Qxh4 16. Bd3 g6) 14. Nxd8 Bxd8 15. g3 Ng6 16. Bd3 Ne7 17. b5 a6 18. a4 Bd7 19. Ke2 g6 20. Rhb1 Kg7 {[#]} 21. bxa6 $146 ({Predecessor:} 21. Bc1 Nf5 22. h4 axb5 23. axb5 Bb6 24. Rxa8 Rxa8 25. Bb2 Ra4 26. Bc3 Ra3 27. Bb2 Ra4 28. Bc3 Ra3 29. Bb2 {½-½ (29) Brkic,A (2565)-Edouard,R (2646) Batumi 2018 CBM 187 [Edouard, Romain]}) 21... bxa6 22. Bc1 Nc6 23. h4 Bc7 24. Rb7 Rhc8 $1 ({Don't blunder} 24... Bxe5 $2 25. Nxe5 Nxe5 26. Bb2 $18) 25. Bf4 Na5 26. Rbb1 Bd8 27. Rg1 Rab8 28. Bc1 Be7 29. g4 {Hoping for gxh5.} hxg4 30. Rxg4 Rb4 31. Rxb4 Bxb4 32. Bg5 {Strongly threatening h5.} (32. Rb1 $5 {[%cal Rb1b4]} Be7 33. Bg5 Bxg5 34. Nxg5 $11) 32... Nc4 33. Rb1 (33. h5 $5 gxh5 34. Rh1 $11) 33... a5 {[#]} 34. h5 $1 {[%mdl 512]} gxh5 35. Rh1 Kf8 $2 {[%mdl 8192] White stays focused until the end.} ({Stronger than} 35... Bxa4 36. Rxh5 f5 37. exf6+ Kg8 {[#]} 38. f7+ $1 {[%mdl 512]} Kxf7 39. Rh7+ Kg8 40. Bf6 $18) (35... Nb2 $1 $11 {and Black has nothing to worry.}) 36. Rxh5 $18 {Intending Rh8+ and mate.} Ke8 37. Rh8+ Bf8 38. Bxc4 dxc4 (38... Rxc4 $142 39. Bh6 Bxa4 40. Rxf8+ Ke7) 39. Bc1 Bxa4 {White should prevent ...Kd7.} 40. Ba3 $1 Kd7 41. Rxf8 Rxf8 42. Bxf8 Bxc2 43. Kd2 {White is clearly winning.} Bd3 44. Kc3 Kc6 45. Kd4 Kb5 46. Ng5 Bg6 47. f4 Bh5 48. Ne4 Kc6 49. Kxc4 a4 (49... Be2+ $142 50. Kd4 Bd1) 50. Nc3 Kd7 51. Nxa4 Ke8 52. Bb4 Bf3 53. Nb6 Bb7 54. Kc5 {Weighted Error Value: White=0.04/Black=0.25} 1-0

[Event "Kazakhstan Cup Women 2020"]
[Site "Almaty"]
[Date "2020.12.14"]
[Round "4.2"]
[White "Nakhbayeva, Guliskhan"]
[Black "Dauletova, Gulmira"]
[Result "1-0"]
[WhiteElo "2328"]
[BlackElo "2319"]
[Annotator "TA"]
[PlyCount "190"]
[EventDate "2020.12.01"]
[EventType "tourn"]
[EventCountry "KAZ"]
[SourceTitle "playchess.com"]
[Source "ChessBase"]
[SourceQuality "1"]

{[%evp 12,190,15,16,0,7,14,14,13,12,22,22,30,0,0,6,25,16,36,0,-21,0,-6,-6,5,-31,95,94,153,104,117,112,137,129,133,138,125,127,123,77,85,79,84,53,72,30,62,56,60,64,60,60,58,29,26,28,22,11,12,0,28,28,19,19,28,10,19,12,37,19,31,20,54,57,116,112,96,119,124,128,139,124,110,100,137,135,150,152,170,170,185,133,218,108,139,139,144,128,160,164,135,112,255,260,262,185,181,181,196,199,195,206,193,195,142,109,315,313,304,313,398,402,458,452,468,458,416,424,455,411,415,408,403,402,419,410,400,414,391,377,373,311,431,427,452,440,438,311,639,544,399,476,653,646,832,832,813,800,29972,29973,29973,29973,29977,29978,29978,29970,29979,29980,29981,29982,29983,29984,29984,29985,29985,29986,29988,29989,29988,29987,29987]} 1. d4 Nf6 2. c4 e6 3. Nc3 Bb4 4. e3 O-O 5. Bd3 c5 6. Nf3 d5 7. cxd5 exd5 {E53: Nimzo-Indian: Rubinstein: Main Line (4...0-0 5 Nf3 d5 6 Bd3 c5 7 0-0).} 8. dxc5 Bg4 9. O-O Bxc5 {The position is equal.} 10. h3 Bh5 11. b3 Nc6 12. Bb2 a6 13. Rc1 Qd6 14. Be2 Rad8 {[#]} 15. Nd4 $146 (15. Nh4 $14 Bg6 16. Bf3 (16. Nxg6 hxg6 17. Bf3 Rfe8 $11)) ({Predecessor:} 15. Nh4 Bg6 16. Nxg6 hxg6 17. Bf3 Ba7 18. Ne2 Rfe8 19. Nd4 Bb8 20. g3 Rxe3 21. Nxc6 bxc6 22. Bxf6 gxf6 23. fxe3 Qxg3+ {0-1 (45) Peralta,F (2571)-Mareco,S (2648) Villa Martelli 2017}) 15... Bxd4 $11 16. Bxh5 Ba7 17. Bf3 d4 18. Ne2 d3 (18... dxe3 $15 {keeps the upper hand.} 19. Qxd6 exf2+ 20. Kh1 Rxd6) 19. Ng3 $16 Qe6 ({Better is} 19... Ne5) 20. Rc3 d2 {[#]} 21. Rc2 $1 Bb8 {White must now prevent ...Bxg3.} 22. Bxc6 bxc6 23. Rxd2 Rxd2 24. Qxd2 Bxg3 25. fxg3 {Strongly threatening Bxf6.} Ne4 26. Qd4 {[%csl Gb2][%cal Rd4g7]} f6 27. Kh2 Re8 28. Ba3 h5 29. Rc1 f5 30. Qc4 Qxc4 $1 31. Rxc4 $14 {[%mdl 4096] Endgame KRB-KRN} Re6 32. Ra4 c5 33. Rc4 Re5 $1 34. Bb2 Re6 35. Ba3 Re5 $1 36. b4 cxb4 37. Bxb4 Re6 38. Ba5 Kh7 39. a4 Nf6 40. Bd2 Ne4 41. Bc1 Rg6 42. Bb2 Nxg3 ({Black should try} 42... Rb6 $14 43. Be5 Re6) 43. Rf4 $16 Kh6 44. h4 Ne4 45. Rxf5 Nd6 46. Rd5 Re6 47. Bd4 Ne4 48. Kg1 Rc6 49. a5 Rc1+ 50. Kh2 Rc6 51. Rd7 ({White should play} 51. Re5 $18 Nd2 52. Kg3) 51... Rg6 (51... g5 $16 {might work better.}) 52. Ra7 (52. Be5 $18 {is more deadly.}) 52... Nd2 53. Rc7 Kh7 54. Re7 Nc4 55. Bc3 Rg4 56. Kg1 Rg6 (56... Nd6 $16) 57. Kf2 $18 Kg8 58. Rc7 Nd6 59. Kf3 Nf5 60. Be1 Re6 61. e4 {Cut Off at move 61} Nd6 {[#]} 62. Bc3 $1 Nxe4 63. Bxg7 Nd6 $2 (63... Nd2+ $16 64. Kf4 Rg6) 64. Bb2 Nf5 65. g3 Rg6 66. Be5 Re6 67. Kf4 Ne7 {White should prevent ...Nd5+.} 68. Rd7 Nc6 69. Bc3 Rg6 {If Black can now play ...Rg4+ this consolidates a bit.} 70. Rd5 Rg4+ 71. Kf3 Rc4 72. Bd2 Rc2 73. Ke2 Ra2 74. Rxh5 Ra3 75. Rg5+ Kf7 76. g4 Nd4+ 77. Kf2 Rh3 78. Rd5 Nb3 79. h5 {aiming for Bf4.} Ke6 $2 (79... Rh2+ 80. Ke1 Rh1+ 81. Ke2 Rh2+ 82. Kd1 Ke6) 80. Rd8 Rh2+ 81. Ke3 Ke7 82. Rd3 Rh3+ 83. Ke2 Rh2+ 84. Kd1 Na1 85. Kc1 {White mates.} Rg2 86. Kb2 Rxg4 87. Kxa1 {KRB-KR} Ke6 88. Kb2 Rh4 89. h6 Ke5 90. Rd7 Ke6 91. Ra7 Kd5 92. Rxa6 Kc4 93. Kc2 Kb5 94. Rb6+ Kc5 95. Rb8 Kd5 {Weighted Error Value: White=0.13/Black=0.17} 1-0

[Event "Kazakhstan Cup Women 2020"]
[Site "Almaty"]
[Date "2020.12.14"]
[Round "4.3"]
[White "Kurmangaliyeva, Liya"]
[Black "Kamalidenova, Meruert"]
[Result "0-1"]
[WhiteElo "1974"]
[BlackElo "2231"]
[Annotator "TA"]
[PlyCount "104"]
[EventDate "2020.12.01"]
[EventType "tourn"]
[EventCountry "KAZ"]
[SourceTitle "playchess.com"]
[Source "ChessBase"]
[SourceQuality "1"]

{[%evp 14,104,20,16,13,17,39,26,30,29,35,32,23,0,22,0,-4,-16,-12,-20,-15,-37,-42,-28,-29,-46,-14,-37,-12,-19,-12,-34,-29,-66,-64,-63,-52,-60,0,-104,-60,-60,-60,-71,-71,-71,-71,-71,-66,-55,-60,-79,-86,-86,-86,-106,-99,-89,-6,-10,-16,-19,-14,-39,-40,-57,-22,-137,-137,-241,-226,-226,-234,-345,-345,-335,-355,-355,-284,-329,-337,-285,-291,-358,-352,-368,-347,-885,-899,-883,-858,-779,-694]} 1. e4 c5 2. Nf3 d6 3. d4 cxd4 4. Nxd4 Nf6 5. Nc3 a6 6. g3 e5 7. Nde2 Be6 8. Bg2 Nbd7 {B91: Sicilian Najdorf: 6 g3.} 9. a4 h5 10. h3 Be7 {White has an edge.} 11. Be3 Rc8 12. a5 Nc5 {[#]} 13. Bg5 $146 ({Predecessor:} 13. O-O O-O 14. b3 Qe8 15. Qd2 Qc6 16. Nd5 Rfe8 17. Nxe7+ Rxe7 18. f3 Rd7 19. Bg5 {½-½ (40) Biedermann,T (2456)-Persson,C (2563) ICCF email 2014}) 13... Bc4 14. Bxf6 Bxf6 15. Nd5 Ne6 16. c3 h4 17. Nb6 Rc6 18. Nxc4 Rxc4 19. Qd3 Rc8 20. b4 Qc7 21. Rd1 Be7 22. O-O Qc4 23. g4 O-O 24. Rfe1 Rfd8 25. Bf1 Ng5 ({Black should play} 25... Qc6 $15) 26. f3 (26. Qxc4 $1 $11 Rxc4 27. Nf4 Nf3+ 28. Kh1 Nxe1 29. Bxc4 exf4 30. Rxe1) 26... Qxd3 (26... Qc6 {with more complications.} 27. f4 exf4 28. Nxf4 Qxc3 29. Nd5 Qe5) 27. Rxd3 Ne6 28. Rb1 Kf8 29. Rdd1 Bg5 30. Kf2 Ke7 31. Rb3 g6 32. Rb2 Rc7 33. Rd5 Rf8 34. b5 axb5 35. Rbxb5 f5 ({Better is} 35... Ra8 $17) 36. exf5 $11 gxf5 37. gxf5 Rxf5 38. Rb6 Nc5 39. Kg2 Rf6 40. c4 (40. f4 $11 Bxf4 41. Nxf4 Rxf4 42. Rbxd6) 40... Be3 41. Nc3 {[#]} (41. Rd1 $17) 41... Ne6 $1 $19 42. Rb1 {[#]} Nf4+ $1 43. Kh2 (43. Kh1 $142 Bd4 44. Rxd4 exd4 45. Nb5) 43... Bd4 44. Rxd4 exd4 45. Nb5 Rc5 {And now ...d3 would win.} 46. Nxd4 Rxa5 47. Rxb7+ Kf8 48. Rb2 Ra1 49. Rf2 Rd1 50. Nc2 $2 (50. Nb5) 50... Re6 {Black is clearly winning.} 51. c5 dxc5 52. Bc4 Re5 {Weighted Error Value: White=0.31/Black=0.09} 0-1

[Event "Kazakhstan Cup Women 2020"]
[Site "Almaty"]
[Date "2020.12.14"]
[Round "4.4"]
[White "Abdildayeva, Laura"]
[Black "Serikbay, Assel"]
[Result "0-1"]
[WhiteElo "1845"]
[BlackElo "2247"]
[Annotator "TA"]
[PlyCount "74"]
[EventDate "2020.12.01"]
[EventType "tourn"]
[EventCountry "KAZ"]
[SourceTitle "playchess.com"]
[Source "ChessBase"]
[SourceQuality "1"]

{[%evp 19,74,30,27,18,71,67,37,45,49,54,54,36,35,38,133,89,177,175,147,172,163,170,160,52,53,62,72,72,110,103,124,123,113,102,108,97,121,121,187,0,0,0,0,0,0,-18,-15,-27,-29,-55,-67,-56,-66,-253,-238,-29994,-29995]} 1. c4 e5 2. g3 Nf6 3. Bg2 c6 4. d4 exd4 5. Qxd4 d5 6. Nf3 Be7 7. cxd5 cxd5 8. O-O Nc6 9. Qa4 O-O 10. Be3 Ng4 11. Bf4 {A20: English Opening: 1...e5.} a6 (11... Qb6 $11) 12. Nc3 $16 Be6 13. Rad1 {White is slightly better.} b5 $1 {[%cal Rb5a4]} 14. Qc2 {[#]} Qb6 $146 ({Predecessor:} 14... h6 15. Nxd5 Bxd5 16. Rxd5 Qxd5 17. Ng5 hxg5 18. Bxd5 Nb4 19. Qb3 Nxd5 20. Qxd5 gxf4 {½-½ (41) Ackley,P (2108)-Price,D (2055) ICCF email 2018}) 15. Ng5 ({Reject} 15. Nxd5 Bxd5 16. Rxd5 Nb4 $15) 15... Bxg5 16. Bxg5 Qc5 (16... h6 $14 17. Bf4 (17. Nxd5 Bxd5 18. Bxd5 Nb4 $14) 17... Rad8) 17. Qd2 {[%cal Rc3d5]} ({But not} 17. Bxd5 $6 b4 $14) 17... d4 (17... h6 $16 {keeps fighting.}) 18. Ne4 $36 {[%mdl 2048] White is really pushing.} Qb6 19. Rc1 $1 {[%cal Rc1c6]} Rac8 20. Nd6 Rc7 21. Bxc6 (21. Qc2 $16) 21... Rxc6 $14 22. Rxc6 Qxc6 23. Qxd4 f6 24. Rc1 Qd7 {[#]} 25. Bf4 $1 g5 {...Rd8 is the strong threat.} 26. Bd2 Rd8 27. Bb4 {aiming for Qb6.} a5 28. Bc5 Qc6 {[#]} (28... Bxa2 $16 29. f3 Ne5) 29. Nf5 $2 ({White should play} 29. f4 $1 $18) 29... Rxd4 $11 30. Ne7+ {[%mdl 64] Double Attack} Kf7 31. Nxc6 Rd2 $1 32. Nxa5 Rxb2 33. a3 Rxe2 34. Nb7 Kg6 35. Nd6 Ne5 {Hoping for ...Nd3.} 36. Nxb5 $2 ({Better is} 36. Be3 $15) 36... Nd3 $19 37. Rc3 $2 (37. Nd4 $19 Nxc1 38. Nxe2 Nxe2+ 39. Kg2) 37... Bh3 {A wild game.  Weighted Error Value: White=0.62/Black=0.19} 0-1

[Event "Kazakhstan Cup Women 2020"]
[Site "Almaty"]
[Date "2020.12.14"]
[Round "4.5"]
[White "Balabayeva, Xeniya"]
[Black "Nurmanova, Alua"]
[Result "1-0"]
[WhiteElo "2146"]
[BlackElo "2026"]
[Annotator "TA"]
[PlyCount "111"]
[EventDate "2020.12.01"]
[EventType "tourn"]
[EventCountry "KAZ"]
[SourceTitle "playchess.com"]
[Source "ChessBase"]
[SourceQuality "1"]

{[%evp 20,111,40,37,38,40,35,36,37,38,33,38,41,25,32,29,64,58,72,56,96,75,72,27,66,13,24,-7,129,0,126,119,126,116,93,92,143,100,143,143,151,84,113,91,127,97,114,105,106,97,96,108,87,72,116,108,87,0,0,9,304,295,707,707,698,690,744,750,743,710,662,616,29975,29976,29976,29970,1472,925,29982,29983,29979,29979,29990,29991,29991,29992,29993,29994,29994,29993,29995,29996,29996,29996]} 1. e4 c5 2. Nf3 d6 3. Bb5+ Nc6 4. O-O Bd7 5. Re1 Nf6 6. c3 a6 7. Bf1 Bg4 8. h3 Bxf3 9. Qxf3 g6 10. d3 Bg7 11. Be3 Nd7 {B51: Sicilian: Moscow Variation (3 Bb5+) without 3...Bd7.} 12. Nd2 O-O 13. Qd1 b5 {White is slightly better.} 14. f4 b4 15. Rc1 {[#]} Rb8 $146 ({Predecessor:} 15... a5 16. Nf3 Rb8 17. d4 bxc3 18. bxc3 Qb6 19. e5 dxe5 20. fxe5 e6 21. Qe2 Ne7 {0-1 (67) Balabayeva,K (2146)-Popadic,D (2157) Chess.com INT 2020}) 16. Qc2 Qb6 17. Nc4 Qb7 18. Qf2 f5 19. g3 Nb6 20. Nxb6 Qxb6 21. Bg2 Kh8 22. h4 ({White should try} 22. exf5 $14 bxc3 23. bxc3 Rxf5 24. Qc2) 22... e5 $11 23. h5 fxe4 {[#]} (23... gxh5 $11 24. Qf3 bxc3 25. bxc3 h4) 24. Bxe4 (24. hxg6 $1 $16 exd3 25. Be4 bxc3 26. bxc3) 24... g5 (24... bxc3 $11 {keeps the balance.} 25. bxc3 exf4 26. gxf4 g5) 25. h6 $16 Bf6 26. f5 Ne7 27. c4 Qa5 (27... g4 $142) 28. Kg2 Qd8 29. Qf3 Rg8 30. Qg4 ({White should play} 30. g4) 30... Rc8 31. Kf2 Qa5 32. Rh1 Qd8 33. Rh5 d5 34. cxd5 Nxd5 35. Bxd5 $40 {[%mdl 128] White is out for blood.} (35. Bxc5 Nf4 $15) 35... Qxd5 36. Qc4 {[%mdl 64] Double Attack} Qd7 37. Qe4 ({Much worse is} 37. Qxa6 $6 Qxf5+ 38. Kg2 Ra8 $11) (37. Bxc5 $2 e4 $19) 37... Qf7 {[%mdl 64] Double Attack} 38. g4 (38. Rh2 $16) 38... Qxa2 $11 39. Rc2 b3 $2 {[%mdl 8192] A mistake that costs the game.} (39... Qa4 $11 {and Black is okay.} 40. Rd2 (40. Rxc5 $2 Rxc5 41. Bxc5 Qc2+ {[%mdl 64] Double Attack} 42. Kg3 Qxc5 $19) 40... Qd7) 40. Re2 $18 Rce8 $2 {[#]} (40... Qa5 41. Rxg5 Rge8) 41. Qc6 $1 {[%mdl 512]} Ref8 42. Bxc5 Rf7 43. Ba3 Qb1 44. Qc4 e4 45. Rh3 (45. Qxf7 Bd4+ 46. Re3 Qc2+ 47. Kf1 Qd1+ 48. Kg2 Qd2+ 49. Kf1 Qxe3 50. Qf6+ Bxf6 51. Rh2 Rc8 52. Bc5 Rxc5 53. Re2 Rc1+ 54. Re1 Rxe1+ 55. Kg2 Rg1+ 56. Kh2 Qg3#) 45... Rd8 {White should prevent ...Bd4+.} 46. Qxf7 Bd4+ 47. Rhe3 $1 Qh1 {[#]} 48. Bd6 $1 {Threatening mate with Qe7!} Qf3+ {[#]} (48... Rxd6 49. Qf8#) 49. Ke1 $1 {White mates.} Qh1+ {[#]} 50. Kd2 $1 Bxb2 51. Re1 Qg2+ 52. R3e2 Qf3 53. Rxe4 Qf2+ 54. R1e2 Bc3+ 55. Kxc3 {[%csl Gh6][%cal Rf7g7]} Rc8+ 56. Bc7 {Weighted Error Value: White=0.22/Black=0.72} 1-0